000 01459cam a22003855i 4500
001 013453600
003 EG-ScBUE
005 20250702092349.0
006 m||||fq||h 000 0
008 060424t2007 njua f b 001 0 eng d
020 _a0131988255 (international ed. : pbk.)
020 _a9780131988255 (international ed. : pbk.)
040 _aEG-ScBUE
_beng
_erda
_cEG-ScBUE
_dEG-ScBUE
082 0 4 _a540
_bGEN
_222
245 0 0 _aGeneral chemistry :
_bprinciples and modern applications /
_cRalph H. Petrucci, California State University, San Bernardino, [and three others]
250 _aNinth edition.
264 1 _aUpper Saddle River, New Jersey :
_bPearson Education International,
_c[2007]
264 4 _cc2007
300 _a1 volume (various pagings) :
_billustrations (chiefly color) ;
_c28 cm +
_e1 CD
336 _2rdacontent
_atext
_btxt
336 _2rdacontent
_asounds
_bsnd
337 _aunmediated
_2rdamedia
_bn
337 _aaudio
_2rdamedia
_bs
338 _avolume
_bnc
_2rdacarrier
338 _acomputer disc
_bcd
_2rdacarrier
500 _aIncludes Access code for online course materials.
500 _aIncludes glossary.
504 _aIncludes bibliographical references and index.
650 7 _aChemistry
_vProblems, exercises, etc.
_2BUEsh
650 7 _aChemistry
_vTextbooks.
_2BUEsh
653 _bENGCHE
_bGGEN
_cDecember2017
655 _vReading book
700 1 _930065
_aPetrucci, Ralph H.,
_eauthor.
942 _2ddc
_cBB
999 _c25707
_d25679